Bucolic comedies /

Bibliographic Details
Main Author: Sitwell, Edith, 1887-1964
Format: Book
Language:English
Published: London : Duckworth, [1923]

MARC

Tag First Indicator Second Indicator Subfields
LEADER 00000cam a2200000 4500
001 in00003482713
005 20151206122705.0
008 760518s1923 enk 00001 eng d
035 |a (OCoLC)ocm02179868 
040 |a FHM  |c FHM  |d TNY  |d UtOrBLW 
090 |a PR6037.I8  |b B8 
100 1 |a Sitwell, Edith,  |d 1887-1964. 
245 1 0 |a Bucolic comedies /  |c by Edith Sitwell. 
264 1 |a London :  |b Duckworth,  |c [1923] 
300 |a 96 pages ;  |c 19 cm. 
336 |a text  |b txt  |2 rdacontent 
337 |a unmediated  |b n  |2 rdamedia 
338 |a volume  |b nc  |2 rdacarrier 
500 |a Poems. 
999 |a MARS 
999 f f |s fd46ea04-79a3-30b6-9d95-17af76154bb9  |i e44946c3-d112-3508-91a6-552532edb8e1  |t 0 
952 f f |p ric  |a Texas A&M University  |b Rellis Campus  |c Joint Library Facility  |d Remote Storage  |t 0  |e PR6037.I8 B8  |h Library of Congress classification  |i unmediated -- volume  |m 32060002251433 
998 f f |a PR6037.I8 B8  |t 0  |l Remote Storage